| 000 | 00918nam a2200241 a 4500 | ||
|---|---|---|---|
| 001 | BRCA_246 | ||
| 005 | 20190320202932.0 | ||
| 008 | 041005s1993----mx-#---###---#000-0#spa-# | ||
| 041 | _aspa | ||
| 044 | _amx | ||
| 050 | 4 |
_aB1017 _b.B73 1993 |
|
| 100 | 1 |
_aBrading, David A. _9853 |
|
| 245 | 1 | 0 |
_aEspiritualidad barroca, política eclesiástica y renovación filosófica _bJuan Benito Díaz de Gamarra (1745-1783) _cDavid A. Brading ; advertencia Manuel Ramos Medina. |
| 260 |
_aMéxico _bCentro de Estudios de Historia de México Condumex _cc1993 |
||
| 300 |
_a42 p. _c21 cm. |
||
| 500 | _aIncluye referencias bibliograficas | ||
| 500 | _aIncluye índice onomástico | ||
| 610 | 2 | 4 |
_aDíaz de Gamarra, Juan Benito, 1745-1783. _9854 |
| 650 | 1 | 4 |
_aSacerdotes mexicanos _eIlustracion en México _ySiglo VXIII _9855 |
| 650 | 1 | 4 |
_aFilosofía _ySiglo XVII _zMéxico _9856 |
| 700 | 1 |
_aRamos Medina, Manuel _9857 |
|
| 942 |
_2lcc _cB |
||
| 999 |
_c202 _d202 |
||